Electrical Measuring Instruments And Measurements (Record no. 211461)

MARC details
000 -LEADER
fixed length control field 00441nam a2200157Ia 4500
008 - FIXED-LENGTH DATA ELEMENTS--GENERAL INFORMATION
fixed length control field 230714s9999 xx 000 0 und d
020 ## - INTERNATIONAL STANDARD BOOK NUMBER
International Standard Book Number 9790000000000
041 ## - LANGUAGE CODE
Language code of text/sound track or separate title eng
082 ## - DEWEY DECIMAL CLASSIFICATION NUMBER
Classification number 621.3815'3
Item number BHA
100 ## - MAIN ENTRY--PERSONAL NAME
Personal name Bhargava S.C.
245 ## - TITLE STATEMENT
Title Electrical Measuring Instruments And Measurements
260 ## - PUBLICATION, DISTRIBUTION, ETC. (IMPRINT)
Name of publisher, distributor, etc. BS Publications
365 ## - TRADE PRICE
Currency code Rs.
Price amount 650.00
700 ## - ADDED ENTRY--PERSONAL NAME
Personal name Bhargava S.C.
906 ## - LOCAL DATA ELEMENT F, LDF (RLIN)
d O:0384109-Apr-2014B:IN 401-Apr-2014
c INST
b 520

No items available.